00493nam a22001457a 4500003000500000038001800005082000800023100001800031245011700049264003500166300002400201650003000225700003400255856005800289NUST aNusrat Nadeem a200 aKhalid, Samra aDual Band Circularly Polarized Proximity Coupled Stacked Patch Antenna for RF Energy Harvesting/cSamra Khalid,  aIslamabad,bSEECS NUST,c2023. aill,b92,p:c30,cm. aMS-Electrical Engineering aSupervisor: Dr. Mohaira Ahmad u http://10.250.8.41:8080/xmlui/handle/123456789/41641